The voice of Valmiki (Rama) (Record no. 60575)
[ view plain ]
| 000 -LEADER | |
|---|---|
| fixed length control field | 00719cam a22002411 4500 |
| 001 - CONTROL NUMBER | |
| control field | sa 64007900 |
| 003 - CONTROL NUMBER IDENTIFIER | |
| control field | DLC |
| 005 - DATE AND TIME OF LATEST TRANSACTION | |
| control field | 20260227112050.0 |
| 008 - FIXED-LENGTH DATA ELEMENTS--GENERAL INFORMATION | |
| fixed length control field | 870806s1963 ii b 000 0 eng |
| 010 ## - LIBRARY OF CONGRESS CONTROL NUMBER | |
| LC control number | sa 64007900 |
| 025 ## - OVERSEAS ACQUISITION NUMBER | |
| Overseas acquisition number | PL480:I-E-3274 |
| 035 ## - SYSTEM CONTROL NUMBER | |
| System control number | (OCoLC)16396343 |
| 040 ## - CATALOGING SOURCE | |
| Original cataloging agency | DLC |
| Transcribing agency | WaU |
| Modifying agency | WaU |
| -- | DLC |
| 042 ## - AUTHENTICATION CODE | |
| Authentication code | premarc |
| 050 00 - LIBRARY OF CONGRESS CALL NUMBER | |
| Classification number | BL1225.R3 |
| Item number | P3 |
| 100 1# - MAIN ENTRY--PERSONAL NAME | |
| Personal name | Panoly, V., |
| Dates associated with a name | 1923- |
| 245 14 - TITLE STATEMENT | |
| Title | The voice of Valmiki (Rama) |
| Statement of responsibility, etc. | [by] V. Panoly. |
| 260 ## - PUBLICATION, DISTRIBUTION, ETC. | |
| Place of publication, distribution, etc. | Kozhikode, |
| Name of publisher, distributor, etc. | Soudamini Panoly |
| Date of publication, distribution, etc. | [1963?] |
| 300 ## - PHYSICAL DESCRIPTION | |
| Extent | iii, 92 p. |
| Dimensions | 19 cm. |
| 500 ## - GENERAL NOTE | |
| General note | Stamped on t.p.: Munshi Ram Manohar Lal, oriental & foreign book-sellers. |
| 504 ## - BIBLIOGRAPHY, ETC. NOTE | |
| Bibliography, etc. note | Bibliographical footnotes. |
| 600 00 - SUBJECT ADDED ENTRY--PERSONAL NAME | |
| Personal name | Vālmīki. |
| Title of a work | Rāmāyaṇa. |
No items available.